Statistiken für Tabellenendstand der La Liga Saison 2022/2023

Klicken Sie hier um das Quiz zu spielen!

Allgemein

  • Dieses Quiz wurde 39 mal gespielt
  • Das Durchschnittsergebnis liegt bei 6 aus 20

Antwortstatistiken

PunkteVerein% Korrekt
188FC Barcelona
100%
278Real Madrid
100%
377Atlético Madrid
88%
471Real Sociedad
44%
1937Espanyol Barcelona
32%
1642FC Valencia
32%
660Betis Sevilla
26%
2025FC Elche
26%
851Athletic Bilbao
21%
564FC Villarreal
21%
1840Real Valladolid
21%
756CA Osasuna
18%
1542FC Getafe
18%
1149FC Sevilla
18%
1049FC Girona
15%
950RCD Mallorca
15%
1741UD Almería
15%
1442FC Cádiz
12%
1343Celta Vigo
9%
1249Rayo Vallecano
9%

Verteilung der Resultate

Perzentil nach korrekt beantworteten Fragen

Anzahl Personen mit jedem Resultat

Ihre Resultats-Entwicklung

Sie haben dieses Quiz noch nicht gespielt